Элементы идиолектной семантики в ранней лирике Н.А. Заболоцкого и проблемы перевода поэтического текста на английский язык (Запись № 3081656)

Подробности
000 -МАРКЕР
контрольное поле 02070nam0a2200373 4500
001 - ИДЕНТИФИКАТОР ЗАПИСИ
контрольное поле RU\NLR\bibl\1914147
005 - ИДЕНТИФИКАТОР ВЕРСИИ
контрольное поле 20260406151529.0
010 ## - МЕЖДУНАРОДНЫЙ СТАНДАРТНЫЙ НОМЕР КНИГИ (ISBN)
Номер (ISBN) 978-5-85921-846-2
Тираж 500
021 ## - НОМЕР ГОСУДАРСТВЕННОЙ РЕГИСТРАЦИИ
Код страны Российская Федерация
Номер 2012-39041
Номер Листа государственной регистраци 2892
035 ## - ДРУГИЕ СИСТЕМНЫЕ НОМЕРА
Идентификатор записи (NLR Aleph) 001903662
100 ## - ДАННЫЕ ОБЩЕЙ ОБРАБОТКИ
Данные общей обработки 20120614d2011 |||y0rusy50 ca
101 0# - ЯЗЫК РЕСУРСА
Язык текста, звукозаписи и т.д. русский
102 ## - СТРАНА ПУБЛИКАЦИИ ИЛИ ПРОИЗВОДСТВА
Страна публикации Российская Федерация
105 ## - ПОЛЕ КОДИРОВАННЫХ ДАННЫХ: ТЕКСТОВЫЕ МАТЕРИАЛЫ, МОНОГРАФИЧЕСКИЕ
Кодированные данные о монографическом текстовом документе y |||||||||
200 1# - ЗАГЛАВИЕ И СВЕДЕНИЯ ОБ ОТВЕТСТВЕННОСТИ
Основное заглавие Элементы идиолектной семантики в ранней лирике Н.А. Заболоцкого и проблемы перевода поэтического текста на английский язык
Сведения, относящиеся к заглавию монография
Первые сведения об ответственности Л.Н. Кретова
Последующие сведения об ответственности М-во образования и науки РФ, ФГБОУ ВПО "Новосиб. гос. пед. ун-т"
210 ## - ПУБЛИКАЦИЯ, РАСПРОСТРАНЕНИЕ И ДР.
Место издания, распространения и т.д. Новосибирск
Имя издателя, распространителя и т. д. Педуниверситет
Дата издания, распространения и т.д. 2011
215 ## - ФИЗИЧЕСКАЯ ХАРАКТЕРИСТИКА
Специфическое обозначение материала и объем 198 с.
Размеры 21
320 ## - ПРИМЕЧАНИЯ О НАЛИЧИИ В ДОКУМЕНТЕ БИБЛИОГРАФИИ / УКАЗАТЕЛЯ
Текст примечания Библиогр.: с. 190-198
600 #1 - ИМЯ ЛИЦА КАК ПРЕДМЕТ
Начальный элемент ввода Заболоцкий
Часть имени, кроме начального элемента ввода Н.А.
Даты 1903 - 1958
Расширение инициалов личного имени Николай Алексеевич
Тематический подзаголовок Язык и стиль
Системный номер авторитетной/нормативной записи 1081743
Идентификатор авторитетной/нормативной записи RU\NLR\auth\66422912
600 #1 - ИМЯ ЛИЦА КАК ПРЕДМЕТ
Начальный элемент ввода Заболоцкий
Часть имени, кроме начального элемента ввода Н. А.
Даты 1903 - 1958
Расширение инициалов личного имени Николай Алексеевич
Тематический подзаголовок Переводы на английский язык
Системный номер авторитетной/нормативной записи 2108395
Идентификатор авторитетной/нормативной записи RU\NLR\auth\661578002
604 ## - ИМЯ И ЗАГЛАВИЕ КАК ПРЕДМЕТ
Связываемые данные 200#1$aЗаболоцкий$gНиколай Алексеевич$bН.А.$f1903 - 1958
-- 235|#$aЛирика
Имя лица Заболоцкий, Николай Алексеевич (1903 - 1958)
Заглавие Лирика
Идентификатор авторитетной/нормативной записи RU\NLR\AUTH\66422909
Системный номер авторитетной/нормативной записи 1081737
606 1# - НАИМЕНОВАНИЕ ТЕМЫ КАК ПРЕДМЕТ
Наименование темы Русский язык
Тематический подзаголовок Стилистика
Системный номер авторитетной/нормативной записи 1563135
Идентификатор авторитетной/нормативной записи RU\NLR\auth\66984157
686 ## - ИНДЕКСЫ ДРУГИХ КЛАССИФИКАЦИЙ
Индекс Ш5(2=Р)7-4Заболоцкий
686 ## - ИНДЕКСЫ ДРУГИХ КЛАССИФИКАЦИЙ
Индекс Ш141.12-71Заболоцкий
700 #1 - ИМЯ ЛИЦА - ПЕРВИЧНАЯ ОТВЕТСТВЕННОСТЬ
Начальный элемент ввода Кретова
Часть имени, кроме начального элемента ввода Л. Н.
Расширение инициалов личного имени Лариса Николаевна
Код отношения Автор
702 #1 - ИМЯ ЛИЦА - ВТОРИЧНАЯ ОТВЕТСТВЕННОСТЬ
Код отношения Прочие
Материалы, к которым относится поле rus
Графика поля Кириллица
Начальный элемент ввода Заболоцкий
Часть имени, кроме начального элемента ввода Н. А.
Даты 1903-1958
Расширение инициалов личного имени Николай Алексеевич
Идентификатор авторитетной/нормативной записи RU\NLR\auth\775377
Системный номер авторитетной/нормативной записи 115341
801 #0 - ИСТОЧНИК ЗАПИСИ
Страна Российская Федерация
Организация NLR
Дата составления 20120614
Правила каталогизации RCR
801 #1 - ИСТОЧНИК ЗАПИСИ
Страна Российская Федерация
Организация NLR
Дата составления 20120614
942 ## - ДОПОЛНИТЕЛЬНЫЕ ЭЛЕМЕНТЫ ЗАПИСИ (АБИС)
Тип экземпляра АБИС Книга
980 ## - КОЛЛЕКЦИЯ
Название коллекции НБР
980 ## - КОЛЛЕКЦИЯ
Название коллекции Национальная библиография
Экземпляры
Тип экземпляра Дата поступления Источник поступления Библиотека постоянного хранения Библиотека текущего хранения Место хранения Шифр хранения Штрих-код Статус экземпляра
Книга 14.06.2012 Обязательный экземпляр РНБ (Московский) РНБ (Московский) Русский книжный фонд: издания с 1957 года 2012-3/18211 3673143  
Книга 14.06.2012 Обязательный экземпляр РНБ (Московский) РНБ (Московский) Русский книжный фонд: издания с 1957 года 2012-3/18211 3673144